Statistics for Egypt by Picture

Click here to take the quiz!

General Stats

  • This quiz has been taken 102 times
  • The average score is 12 of 18

Answer Stats

Answer% Correct
Nile
98%
Pyramids of {Giza}
96%
Cairo
94%
Alexandria
90%
{Suez} Canal
86%
Tutankhamun
85%
Papyrus
83%
Cleopatra
82%
{Sinai} Peninsula
70%
Isis
67%
Copts
63%
{Aswan} High Dam
55%
Hieroglyphs
47%
Gamal Abdel Nasser
46%
Abu Simbel
35%
{Tahrir} Square
34%
Muslim Brotherhood
28%
Boutros Boutros-Ghali
7%

Score Distribution

Percentile by Number Answered

Percent of People with Each Score

Your Score History

You have not taken this quiz